Statistiques concernant Les heros de jeux video

Cliquez ici pour prendre le quiz!

Statistiques générales

  • Ce quiz a été pris 2 556 fois
  • Le résultat moyen est 7 sur 30

Statistiques - réponses

HintRéponse% Correct
zeldalink
96%
tomb raiderlara croft
84%
god of warkratos
61%
metal gearsolid snake
55%
unchartednathan drake
49%
assassin's creedaltaîr
42%
hitmanagent 47
41%
devil may crydante
33%
halomaster chief
33%
final fantasy Xtidus
31%
mass effectshepard
24%
splinter cellsam fisher
22%
red dead redemptionjohn marston
21%
little big planetsackboy
21%
oddworldabe
20%
final fantasy 7cloud strife
16%
GTA 4nico bellic
16%
half lifegordon freeman
15%
darksiderswar
12%
ghouls'n ghostssir arthur
9%
portalchell
7%
dead spaceIsaac Clarke
4%
deus ex : human revolutionadam jensen
3%
prototypealex mercer
3%
infamouscole mcgrath
3%
brutal legendeddie riggs
3%
parasite eveaya brea
2%
leisure suit LarryLarry Laffer
2%
lollipop chainsawJuliet Starling
1%
resistance 2nathan hale
1%

Distribution des résultats

Percentile par nombre de réponses

% des personnes avec chaque résultat

Votre développement - résultats

Vous n’avez pas pris ce quiz